| 000 | 00456nam a2200169Ia 4500 | ||
|---|---|---|---|
| 008 | 180207s9999 xx 000 0 und d | ||
| 020 | _a939979004 | ||
| 050 | _bK646 1995 | ||
| 100 | _aKleinen, Patrick. | ||
| 245 | _aIf I were a moose / | ||
| 245 | _cPatrick Kleinen ; illustrated by Jeannie Winston. | ||
| 260 | _aOntario, New York : | ||
| 260 | _bDiscovery Toys, Inc., | ||
| 260 | _c1995 | ||
| 300 | _aunpaged : | ||
| 300 | _bcolor illustration ; | ||
| 999 |
_c355103 _d355103 |
||